Statistiques concernant Les meilleurs buteurs français (depuis 2010)

Cliquez ici pour prendre le quiz!

Statistiques générales

  • Ce quiz a été pris 469 fois
  • Le résultat moyen est 12 sur 20

Statistiques - réponses

JoueurButs% Correct
Karim Benzema232
98%
Olivier Giroud198
98%
Antoine Griezmann208
96%
Kylian Mbappé89
96%
Alexandre Lacazette168
83%
André Pierre Gignac78
74%
Wissam Ben Yedder141
74%
Franck Ribéry93
69%
Florian Thauvin90
68%
Dimitri Payet91
63%
Paul Pogba75
63%
Nabil Fekir71
59%
Kevin Gameiro156
58%
Bafétimbi Gomis119
57%
Loic Remy97
40%
Jimmy Briand80
35%
Nolan Roux84
24%
Valère Germain67
22%
Anthony Modeste100
18%
Cyril Théreau75
4%

Distribution des résultats

Percentile par nombre de réponses

% des personnes avec chaque résultat

Votre développement - résultats

Vous n’avez pas pris ce quiz